Monster Legends All Commom Monsters - Statistics

General Stats
  • This quiz has been taken 17 times
  • The average score is 6 of 9
Answer Stats
Answer % Correct
Firesaur
94%
Rockilla
88%
Genie
76%
Treezard
76%
Light Spirit
71%
Metalsaur
71%
Tyrannoking
65%
Mersnake
53%
Thunder Eagle
53%
No matching quizzes found
Score Distribution
Percent of People with Each Score
Percentile by Number Answered
Your Score History
You have not taken this quiz